000 00707nam a2200289Ia 4500
005 20260324123324.0
008 008 260324s9999 xx 000 0 eng d
020 _a9781315603278
037 _aEBOOK
040 _aCRL
040 _beng
040 _cCRL
041 _2eng
041 _aeng
084 _qCRL
100 _aMarian Duggan
_91169873
245 0 _aQueering Conflict
245 0 _bExamining Lesbian and Gay Experiences of Homophobia in Northern Ireland
260 _bTaylor and Francis
260 _c2012
365 _a
365 _b240
856 _uhttp://www.taylorfrancis.com/books/9781315603278
942 _cEBOOK
999 _c1763291
_d1763291